Real-Variable Theory of Musielak-Orlicz Hardy Spaces (Запис № 445437)

МАРК-запис
000 -LEADER
fixed length control field 03739nam a22006255i 4500
001 - CONTROL NUMBER
control field 978-3-319-54361-1
003 - CONTROL NUMBER IDENTIFIER
control field DE-He213
005 - DATE AND TIME OF LATEST TRANSACTION
control field 20210118122015.0
007 - PHYSICAL DESCRIPTION FIXED FIELD--GENERAL INFORMATION
fixed length control field cr nn 008mamaa
008 - FIXED-LENGTH DATA ELEMENTS--GENERAL INFORMATION
fixed length control field 170509s2017 gw | s |||| 0|eng d
020 ## - INTERNATIONAL STANDARD BOOK NUMBER
International Standard Book Number 9783319543611
-- 978-3-319-54361-1
024 7# - OTHER STANDARD IDENTIFIER
Standard number or code 10.1007/978-3-319-54361-1
Source of number or code doi
050 #4 - LIBRARY OF CONGRESS CALL NUMBER
Classification number QA403.5-404.5
072 #7 - SUBJECT CATEGORY CODE
Subject category code PBKF
Source bicssc
072 #7 - SUBJECT CATEGORY CODE
Subject category code MAT034000
Source bisacsh
072 #7 - SUBJECT CATEGORY CODE
Subject category code PBKF
Source thema
082 04 - DEWEY DECIMAL CLASSIFICATION NUMBER
Classification number 515.2433
Edition number 23
100 1# - MAIN ENTRY--PERSONAL NAME
Personal name Yang, Dachun.
Relator term author.
Relator code aut
-- http://id.loc.gov/vocabulary/relators/aut
245 10 - TITLE STATEMENT
Title Real-Variable Theory of Musielak-Orlicz Hardy Spaces
Medium [electronic resource] /
Statement of responsibility, etc by Dachun Yang, Yiyu Liang, Luong Dang Ky.
250 ## - EDITION STATEMENT
Edition statement 1st ed. 2017.
264 #1 -
-- Cham :
-- Springer International Publishing :
-- Imprint: Springer,
-- 2017.
300 ## - PHYSICAL DESCRIPTION
Extent XIII, 468 p. 1 illus.
Other physical details online resource.
336 ## -
-- text
-- txt
-- rdacontent
337 ## -
-- computer
-- c
-- rdamedia
338 ## -
-- online resource
-- cr
-- rdacarrier
347 ## -
-- text file
-- PDF
-- rda
490 1# - SERIES STATEMENT
Series statement Lecture Notes in Mathematics,
Міжнародний стандартний серійний номер для назви серії (ISSN) 0075-8434 ;
Том/ позначення послідовності 2182
520 ## - SUMMARY, ETC.
Summary, etc The main purpose of this book is to give a detailed and complete survey of recent progress related to the real-variable theory of Musielak–Orlicz Hardy-type function spaces, and to lay the foundations for further applications. The real-variable theory of function spaces has always been at the core of harmonic analysis. Recently, motivated by certain questions in analysis, some more general Musielak–Orlicz Hardy-type function spaces were introduced. These spaces are defined via growth functions which may vary in both the spatial variable and the growth variable. By selecting special growth functions, the resulting spaces may have subtler and finer structures, which are necessary in order to solve various endpoint or sharp problems. This book is written for graduate students and researchers interested in function spaces and, in particular, Hardy-type spaces.
506 ## - RESTRICTIONS ON ACCESS NOTE
Terms governing access Available to subscribing member institutions only. Доступно лише організаціям членам підписки.
506 ## - RESTRICTIONS ON ACCESS NOTE
Standardized terminology for access restriction Online access from local network of NaUOA.
506 ## - RESTRICTIONS ON ACCESS NOTE
Standardized terminology for access restriction Online access with authorization at https://link.springer.com/
506 ## - RESTRICTIONS ON ACCESS NOTE
Standardized terminology for access restriction Онлайн-доступ з локальної мережі НаУОА.
506 ## - RESTRICTIONS ON ACCESS NOTE
Standardized terminology for access restriction Онлайн доступ з авторизацією на https://link.springer.com/
650 #0 - SUBJECT ADDED ENTRY--TOPICAL TERM
Topical term or geographic name as entry element Fourier analysis.
650 #0 - SUBJECT ADDED ENTRY--TOPICAL TERM
Topical term or geographic name as entry element Functional analysis.
650 #0 - SUBJECT ADDED ENTRY--TOPICAL TERM
Topical term or geographic name as entry element Operator theory.
650 #0 - SUBJECT ADDED ENTRY--TOPICAL TERM
Topical term or geographic name as entry element Functions of real variables.
650 14 - SUBJECT ADDED ENTRY--TOPICAL TERM
Topical term or geographic name as entry element Fourier Analysis.
-- http://scigraph.springernature.com/things/product-market-codes/M12058
650 24 - SUBJECT ADDED ENTRY--TOPICAL TERM
Topical term or geographic name as entry element Functional Analysis.
-- http://scigraph.springernature.com/things/product-market-codes/M12066
650 24 - SUBJECT ADDED ENTRY--TOPICAL TERM
Topical term or geographic name as entry element Operator Theory.
-- http://scigraph.springernature.com/things/product-market-codes/M12139
650 24 - SUBJECT ADDED ENTRY--TOPICAL TERM
Topical term or geographic name as entry element Real Functions.
-- http://scigraph.springernature.com/things/product-market-codes/M12171
700 1# - ADDED ENTRY--PERSONAL NAME
Personal name Liang, Yiyu.
Relator term author.
Relator code aut
-- http://id.loc.gov/vocabulary/relators/aut
700 1# - ADDED ENTRY--PERSONAL NAME
Personal name Ky, Luong Dang.
Relator term author.
Relator code aut
-- http://id.loc.gov/vocabulary/relators/aut
710 2# - ADDED ENTRY--CORPORATE NAME
Corporate name or jurisdiction name as entry element SpringerLink (Online service)
773 0# - HOST ITEM ENTRY
Title Springer eBooks
776 08 - ADDITIONAL PHYSICAL FORM ENTRY
Display text Printed edition:
International Standard Book Number 9783319543604
776 08 - ADDITIONAL PHYSICAL FORM ENTRY
Display text Printed edition:
International Standard Book Number 9783319543628
830 #0 - SERIES ADDED ENTRY--UNIFORM TITLE
Uniform title Lecture Notes in Mathematics,
-- 0075-8434 ;
Volume number/sequential designation 2182
856 40 - ELECTRONIC LOCATION AND ACCESS
Uniform Resource Identifier <a href="https://doi.org/10.1007/978-3-319-54361-1">https://doi.org/10.1007/978-3-319-54361-1</a>
912 ## -
-- ZDB-2-SMA
912 ## -
-- ZDB-2-LNM
942 ## - ADDED ENTRY ELEMENTS (KOHA)
Koha item type ЕКнига

Немає доступних примірників.